000 00411cam a2200157ua 4500
003 OSt
008 250512b |||||||| |||| 00| 0 eng d
020 _a0 02 322300 6
041 _aeng
082 _a624.17
_bCHE/ST
100 _aCheng, Fawhwa P E .
_97484
245 _aStatics and strength of materials /
260 _aNew York :
_bMacmillan publishing co. ,
_c1985.
300 _a541 ; .
942 _cBK
999 _c9233
_d9233